000 02556cam a22003978i 4500
001 22254899
003 OSt
005 20260402092207.0
008 210927s2022 enk b 001 0 eng
010 _a 2021046383
020 _a9780367724252
_q(hardback)
020 _a9780367724245
_q(paperback)
020 _z9781003154730
_q(ebook)
035 _a22254899
040 _aDLC
_beng
_erda
_cDLC
042 _apcc
050 0 0 _a158.1 POH
082 0 0 _a158.1 POH
_223
245 0 0 _aCognitive illusions :
_bintriguing phenomena in judgement, thinking and memory /
_cedited by Rüdiger F. Pohl.
250 _a3rd edition.
263 _a2203
264 1 _aAbingdon, Oxon ;
_aNew York, NY :
_bRoutledge,
_c2022.
300 _apages cm
336 _atext
_btxt
_2rdacontent
337 _aunmediated
_bn
_2rdamedia
338 _avolume
_bnc
_2rdacarrier
504 _aIncludes bibliographical references and index.
520 _a"Cognitive Illusions explores a wide range of fascinating psychological effects in the way we think, judge and remember in our everyday lives. In this volume, Rüdiger F. Pohl brings together leading international researchers to define what cognitive illusions are and discuss their theoretical status: are such illusions proof of a faulty human information-processing system, or do they only represent by-products of otherwise adaptive cognitive mechanisms? The book describes and discusses 26 different cognitive illusions, with each chapter giving a profound overview of the respective empirical research including potential explanations, individual differences, and relevant applied perspectives. This edition has been thoroughly updated throughout, featuring new chapters on negativity bias, metacognition, and how we respond to fake news, along with detailed descriptions of experiments that can be used as classroom demonstration in every chapter. Demonstrating just how diverse cognitive illusions can be, it is a must read for all students and researchers of cognitive illusions, specifically, those focusing on thinking, reasoning, decision-making and memory"--
_cProvided by publisher.
650 0 _aErrors.
_935088
650 0 _aPrejudices.
_935089
700 1 _aPohl, Rüdiger F.,
_d1954-
_eeditor.
_935090
776 0 8 _iOnline version:
_tCognitive illusions
_b3rd edition.
_dAbingdon, Oxon ; New York, NY : Routledge, 2022
_z9781003154730
_w(DLC) 2021046384
906 _a7
_bcbc
_corignew
_d1
_eecip
_f20
_gy-gencatlg
942 _2ddc
_cBK
999 _c7848
_d7848